GD hardest main levels - Statistics

General Stats
  • This quiz has been taken 28 times
  • The average score is 14 of 15
Answer Stats
nr level % Correct
1 Deadlocked
100%
9 Toe
100%
2 Toe 2
100%
3 Clubstep
95%
5 Clutterfunk
95%
12 Cycles
95%
8 Electroman Adventures
95%
10 Fingerdash
95%
13 Xstep
95%
14 Blast Processing
90%
4 Electrodynamix
90%
7 Geometrical Dominator
90%
6 Hexagon Force
90%
11 Time Machine
90%
15 Can't Let Go
29%
No matching quizzes found
Score Distribution
Percent of People with Each Score
Percentile by Number Answered
Your Score History
You have not taken this quiz